Countries Closest to India A-Z (5 minute version) - Statistics

General Stats
  • This quiz has been taken 440 times
  • The average score is 22 of 26
Answer Stats
Letter Country % Correct
B Bangladesh
96%
A Afghanistan
94%
B Bhutan
94%
C China
94%
P Pakistan
92%
Q Qatar
91%
O Oman
90%
Y Yemen
90%
N Nepal
89%
S Sri Lanka
89%
I Indonesia
87%
Z Zambia
87%
B Burma
86%
L Laos
86%
U Uzbekistan
86%
V Vietnam
86%
R Russia
85%
J Japan
84%
T Tajikistan
83%
K Kyrgyzstan
79%
M Maldives
78%
H Hungary
72%
D Djibouti
70%
F Finland
70%
G Georgia
69%
E Ethiopia
64%
No matching quizzes found
Score Distribution
Percent of People with Each Score
Percentile by Number Answered
Your Score History
You have not taken this quiz